ნორმალური ფორმატი
MARC ფორმატი
ჩანაწერი Uniform Title
ჩანაწერთა რაოდენობა, რომელიც გამოყენებულია: 1
001 - CONTROL NUMBER
- control field: 12355
003 - CONTROL NUMBER IDENTIFIER
- control field: GE_BSU
005 - DATE AND TIME OF LATEST TRANSACTION
- control field: 20210731221416.0
008 - FIXED-LENGTH DATA ELEMENTS
- fixed length control field: 210731|| aca||aabn | a|a d
040 ## - CATALOGING SOURCE
- Original cataloging agency: GE_BSU
- Transcribing agency: GE_BSU
130 ## - HEADING--UNIFORM TITLE
- Uniform title: Linux.
670 ## - SOURCE DATA FOUND
- Source citation: Work cat.: (GE_BSU)0: Soyinka, Wale author. 12353, Linux administration :
